NBA 70 points in one game - Statistics

General Stats
  • This quiz has been taken 59 times
  • The average score is 13 of 15
Answer Stats
Points Year Answer % Correct
81 2006 Kobe Bryant
100%
70 1963 Wilt Chamberlain
100%
73 1962 Wilt Chamberlain
100%
72 1962 Wilt Chamberlain
100%
100 1962 Wilt Chamberlain
100%
73 1962 Wilt Chamberlain
100%
78 1961 Wilt Chamberlain
100%
70 2024 Joel Embiid
96%
70 2017 Devin Booker
92%
73 2024 Luka Dončić
92%
71 2023 Donovan Mitchell
84%
71 2023 Damian Lillard
82%
71 1994 David Robinson
75%
73 1978 David Thompson
65%
71 1960 Elgin Baylor
61%
No matching quizzes found
Score Distribution
Percent of People with Each Score
Percentile by Number Answered
Your Score History
You have not taken this quiz